Statistics for Capitals That Have Changed Since 1991

Click here to take the quiz!

General Stats

  • This quiz has been taken 23 times
  • The average score is 4 of 5

Answer Stats

YearOld CapitalNew Capital% Correct
2019AstanaNur-Sultan
100%
1991LagosAbuja
90%
2019BujumburaGitega
86%
2005YangonNaypyidaw
76%
2006MelekeokNgerulmud
62%

Score Distribution

Percentile by Number Answered

Percent of People with Each Score

Your Score History

You have not taken this quiz